Maturitná skúška podľa nového modelu

V školskom roku 2004/2005 by sa mala prvýkrát realizovať nová koncepcia maturitnej skúšky. Uskutoční sa tzv. generálna skúška. Analýza výsledkov jednotlivých testov ukazuje na veľké rozdiely medzi jednotlivými školami a triedami v dosiahnutej úrovni vedomostí vo väčšine predmetov. Dôvody zmeny. Matu...

Description complète

Enregistré dans:
Détails bibliographiques
Format: Chapitre de livre
Langue:slovaque
Sujets:
Tags: Ajouter un tag
Pas de tags, Soyez le premier à ajouter un tag!

MARC

LEADER 00000naa a2200000 4500
001 r048816
005 20240209113056.2
041 0 |a slo 
044 |a SK 
245 1 0 |a Maturitná skúška podľa nového modelu 
520 |a V školskom roku 2004/2005 by sa mala prvýkrát realizovať nová koncepcia maturitnej skúšky. Uskutoční sa tzv. generálna skúška. Analýza výsledkov jednotlivých testov ukazuje na veľké rozdiely medzi jednotlivými školami a triedami v dosiahnutej úrovni vedomostí vo väčšine predmetov. Dôvody zmeny. Maturitný poriadok. 
610 2 0 |a školy stredné 
610 2 0 |a štúdium denné 
610 2 0 |a testy 
610 2 0 |a študenti 
610 2 0 |a Slovensko